Normal view MARC view

Entry Nombre personal

Number of records used in: 1

001 - NÚMERO DE CONTROL

  • campo de control: 242342

003 - IDENTIFICADOR DE NÚMERO DE CONTROL

  • campo de control: SpMaBN

005 - FECHA Y HORA DE LA ÚLTIMA TRANSACCIÓN

  • campo de control: 20251012185030.0

008 - ELEMENTOS DE DATO DE LONGITUD-FIJA

  • campo de control de longitud fija: 901120n| aijnnaabn a aaa

016 ## - NÚMERO DE CONTROL DE UNA AGENCIA BIBLIOGRÁFICA NACIONAL

  • Número de control del registro: BNE19900126447

024 7# - IDENTIFICADOR DE OTROS ESTÁNDARES

  • Número estándar o código: http://viaf.org/viaf/22142570/
  • Fuente: viaf

024 7# - IDENTIFICADOR DE OTROS ESTÁNDARES

  • Número estándar o código: https://isni.org/isni/0000000121235579
  • Fuente: isni

024 7# - IDENTIFICADOR DE OTROS ESTÁNDARES

  • Número estándar o código: http://www.wikidata.org/entity/Q192214
  • Fuente: wikidata

040 ## - FUENTE DE CATALOGACIÓN

  • Centro catalogador/agencia de origen: SpMaBN
  • Lengua de catalogación: spa
  • Centro/agencia transcriptor: SpMaBN
  • Normas de descripción: rdc
  • Convención/Normas de encabezamiento de materia/tesauro: embne

046 ## - FECHAS CON CODIFICACIÓN ESPECIAL

  • Fecha de nacimiento: 1926
  • Fecha de la muerte: 1977

100 1# - ENCABEZAMIENTO-NOMBRE DE PERSONA

  • Nombre de persona: Goscinny, René,
  • Fechas asociadas al nombre: 1926-1977

370 ## - LUGAR ASOCIADO

  • Lugar de nacimiento: París
  • Número de control del registro de autoridad o número normalizado: XX451222
  • Fuente de información: Wikidata

372 ## - CAMPO DE ACTIVIDAD

  • Campo de actividad: Cómics
  • Fuente del término: tgfbne

374 ## - OCUPACIÓN

  • Ocupación: Guionistas
  • Ocupación: Escritores
  • Ocupación: Productores de cine
  • Ocupación: Guionistas
  • Ocupación: Directores de cine
  • Ocupación: Editores
  • Fuente de información: Wikidata

375 ## - GÉNERO/SEXO

  • Género: Masculino

377 ## - IDIOMA ASOCIADO

  • Término de lengua/lenguaje: Francés

400 1# - TRAZADO DE VÉASE--NOMBRE DE PERSONA

  • Nombre de persona: Goscinny
  • Fechas asociadas al nombre: 1926-1977

400 1# - TRAZADO DE VÉASE--NOMBRE DE PERSONA

  • Nombre de persona: Goscinny, Renatus
  • Fechas asociadas al nombre: 1926-1977

400 1# - TRAZADO DE VÉASE--NOMBRE DE PERSONA

  • Nombre de persona: Goscinny, R.
  • Fechas asociadas al nombre: 1926-1977

670 ## - FUENTE DE DATOS ENCONTRADOS

  • Cita de la fuente: Asterix el Galo, 1965
  • Información encontrada: (texto de R. Goscinny)

670 ## - FUENTE DE DATOS ENCONTRADOS

  • Cita de la fuente: Asterix, 2015
  • Información encontrada: (idea original de René Goscinny)

670 ## - FUENTE DE DATOS ENCONTRADOS

  • Cita de la fuente: WWW BnF aut., 18-11-2015
  • Información encontrada: (Goscinny, René (1926-1977); Goscinny; Goscinny, Renatus; dibujante y escritor)
  • Identificador Uniforme de Recursos: http://catalogue.bnf.fr/ark:/12148/cb11905455f/PUBLIC